000 00614nam a22002057a 4500
005 20260309161536.0
010 _aENG-147884
020 _a818382062-X
_c250.00
035 _aEN-131416
037 _bDBAD
082 _a425
_21
100 _aAgarwal P.K
_988201
245 _aLEARN TO SPEAK AND WRITE HINDI/
_cP.K Agarwal
250 _a1
260 _aDarya Ganj
_bLotus Press
_c2025
270 _bDelhi
_aUnit No-220;2nd Floor,4735/22,Prakash Deep Building ,Ansari Road,Darya Ganj,New Delhi
_e110002
300 _a183.P
_c21cm (pb)
700 _985906
942 _2ddc
_cEN
_h005.7565
_mSEN
_e1
999 _c215449
_d215449